00513nam a2200181   4500003000400000005001700004008004100021020001500062040002300077041000800100100002200108245006200130264005200192300001700244336002200261337002400283338002400307OSt20260601171008.0260507b1983\\\\cn\|||||\||||\00|\0\eng\d  a0919963013  aICIbspacICIerda  aeng 1aCanada Government 1aFitness: a Community Challenge / Digest of Fitness Events  aCanadien Parks / bRecreation Associationc1983  a95 páginas  atexto2rdacontent  asin medio2rdamedia  avolumen2rdacarrier